| 000 | 00470nam a2200145Ia 4500 | ||
|---|---|---|---|
| 008 | 220726s9999||||xx |||||||||||||| ||und|| | ||
| 020 | _a9789388756693 | ||
| 082 |
_a610 _bSin/P |
||
| 100 | _aSingh, Pranjal kumar & Singh, Alok Pratap & Singh, Sukhbir & Sharma, Neelam | ||
| 245 | 0 | _aPranjal K-Pharmaceutical Quality Assurance: As Per PCI Syllabus For B. Pharm 6th Semester | |
| 250 | _aN/A | ||
| 260 |
_aAgra _bR. Narain Publishers _cN/A |
||
| 300 | _a200 | ||
| 942 | _cPB | ||
| 999 |
_c37421 _d37421 |
||